| 000 -LEADER |
| fixed length control field |
01853cam a22003494a 4500 |
| 001 - CONTROL NUMBER |
| control field |
14386793 |
| 005 - DATE AND TIME OF LATEST TRANSACTION |
| control field |
20170204143150.0 |
| 008 - FIXED-LENGTH DATA ELEMENTS--GENERAL INFORMATION |
| fixed length control field |
060523s2006 paua b 001 0 eng |
| 010 ## - LIBRARY OF CONGRESS CONTROL NUMBER |
| LC control number |
2006017108 |
| 020 ## - INTERNATIONAL STANDARD BOOK NUMBER |
| International Standard Book Number |
0812239881 (hardcover : alk. paper) |
| 020 ## - INTERNATIONAL STANDARD BOOK NUMBER |
| International Standard Book Number |
9780812239881 (hardcover : alk. paper) |
| 020 ## - INTERNATIONAL STANDARD BOOK NUMBER |
| International Standard Book Number |
9780812239881 |
| 035 ## - SYSTEM CONTROL NUMBER |
| System control number |
(OCoLC)ocm69645789 |
| 035 ## - SYSTEM CONTROL NUMBER |
| System control number |
(OCoLC)69645789 |
| 040 ## - CATALOGING SOURCE |
| Original cataloging agency |
DLC |
| Transcribing agency |
DLC |
| Modifying agency |
BAKER |
| -- |
C#P |
| -- |
BTCTA |
| -- |
YDXCP |
| -- |
DLC |
| 050 00 - LIBRARY OF CONGRESS CALL NUMBER |
| Classification number |
ND237 |
| Item number |
.R7175A4 2006 |
| 100 1# - MAIN ENTRY--PERSONAL NAME |
| Personal name |
Peterson, Brian H. |
| 245 10 - TITLE STATEMENT |
| Title |
Form radiating life : |
| Remainder of title |
the paintings of Charles Rosen / |
| Statement of responsibility, etc. |
Brian H. Peterson ; with an essay by Tom Wolf. |
| 260 ## - PUBLICATION, DISTRIBUTION, ETC. (IMPRINT) |
| Place of publication, distribution, etc. |
Doylestown, Pa. : |
| Name of publisher, distributor, etc. |
James A. Michener Art Museum ; |
| Place of publication, distribution, etc. |
Philadelphia : |
| Name of publisher, distributor, etc. |
University of Pennsylvania Press, |
| Date of publication, distribution, etc. |
c2006. |
| 300 ## - PHYSICAL DESCRIPTION |
| Extent |
198 p. : |
| Other physical details |
ill. (chiefly col.) ; |
| Dimensions |
32 cm. |
| 504 ## - BIBLIOGRAPHY, ETC. NOTE |
| Bibliography, etc |
Includes bibliographical references and index. |
| 600 10 - SUBJECT ADDED ENTRY--PERSONAL NAME |
| Personal name |
Rosen, Charles, |
| Dates associated with a name |
1878-1950 |
| Form subdivision |
Exhibitions. |
| 700 1# - ADDED ENTRY--PERSONAL NAME |
| Personal name |
Rosen, Charles, |
| Dates associated with a name |
1878-1950. |
| 710 2# - ADDED ENTRY--CORPORATE NAME |
| Corporate name or jurisdiction name as entry element |
James A. Michener Art Museum. |
| 710 2# - ADDED ENTRY--CORPORATE NAME |
| Corporate name or jurisdiction name as entry element |
Samuel Dorsky Museum of Art. |
| 856 41 - ELECTRONIC LOCATION AND ACCESS |
| Materials specified |
Table of contents only |
| Uniform Resource Identifier |
<a href="http://www.loc.gov/catdir/toc/ecip0614/2006017108.html">http://www.loc.gov/catdir/toc/ecip0614/2006017108.html</a> |
| 942 ## - ADDED ENTRY ELEMENTS (KOHA) |
| Source of classification or shelving scheme |
|
| Koha item type |
Hard Covered Materials |
| Classification part |
ND237 .R7175A4 2006 |